| 000 | 00714cam a22002412 4500 | ||
|---|---|---|---|
| 001 | 0000021554 | ||
| 003 | OSt | ||
| 005 | 20221101120915.0 | ||
| 008 | 120719s xx 000 0 eng d | ||
| 020 | _a0521755511 : | ||
| 040 |
_aKABU _cKABU |
||
| 050 | 0 |
_aPA817 _b.D84 2005 |
|
| 100 | 1 | _aDuff, Jeremy. | |
| 245 | 1 | 4 |
_aThe Elements of New Testament Greek/ _bJeremy Duff. |
| 260 |
_aCambridge : _bCambridge University Press, _c2005. |
||
| 300 | _axiii, 340 p. | ||
| 500 | _aText in Greek and English. | ||
| 650 | 0 |
_aGreek language, Biblical _xGrammar. |
|
| 908 | _a120719 | ||
| 942 |
_2lcc _cBK |
||
| 999 |
_c9722 _d9722 |
||